| 000 | 00534nam a2200193Ia 4500 | ||
|---|---|---|---|
| 003 | GCL | ||
| 008 | 140319s9999 xx 000 0 ara d | ||
| 040 |
_aGCL / _cGCL |
||
| 082 | 0 | 4 |
_a322.5 _bب ض |
| 100 | 1 | _aبعيرى، اليعازر | |
| 245 | 1 | 0 |
_aضباط الجيش فى السياسة والمجتمع العربى / _cبعيرى، اليعازر |
| 700 | 1 | _aبدر الرفاعى | |
| 300 | _a499 ص | ||
| 490 | _a | ||
| 650 | 0 | 4 | _aالسياسة |
| 650 | 0 | 4 | _aالجيوش |
| 650 | 0 | 4 | _aالضباط |
| 942 |
_2ddc _cBK |
||
| 999 |
_c40325 _d40325 |
||